Missing Word: Movie Subtitles A-Z Quiz Stats

 Plays Quiz Updated Jun 1, 2019

Score 0/26 Timer 03:00
1 Play Today
Movie Missing Word % Correct
Terminator 2: Judgment ______Day
95.3%
Star Wars: The Force ______Awakens
94.8%
Wall Street: Money ______ SleepsNever
91.6%
Home Alone 2: Lost in New ______York
90.7%
Kong: Skull ______Island
90.3%
Pirates of the Caribbean: The Curse of the Black ______Pearl
88.5%
The Lord of the Rings: Return of the ______King
87.4%
Mad Max: Fury ______Road
87.4%
The Twilight Saga: New ______Moon
86.6%
Superman IV: The ______ for Peace Quest
85.8%
Anchorman: The ______ of Ron BurgundyLegend
80.8%
Rambo: ______ Blood Part IIFirst
78.7%
Friday the 13th Part VI: ______ LivesJason
72.7%
Movie Missing Word % Correct
Dr. Strangelove or: How I Learned to Stop Worrying and Love the ______Bomb
72.1%
Captain America: The Winter ______Soldier
70.8%
Star Trek IV: The ______ HomeVoyage
70.5%
The Fast and the Furious: ______ DriftTokyo
65.3%
The Hobbit: An ______ JourneyUnexpected
62.4%
Punisher: War ______Zone
59.7%
Team America: ______ PoliceWorld
56.9%
Fantastic Beasts: The ______ of GrindelwaldCrimes
55.7%
xXx: The Return of ______ CageXander
55.1%
Hellboy II: The ______ ArmyGolden
45.1%
Transformers: Age of ______Extinction
40.3%
How to Train Your Dragon: The ______ WorldHidden
40.3%
Paranormal Activity: The Marked ______Ones
32.5%

Today's Daily Dose

Missing Word
Sherlocks

Word Ladder
King of the Hill

Quick Pick
Songs in Pink

Get the Picture
NBA Teammates

You're not logged in!

Compare scores with friends on all Sporcle quizzes.
OR
Log In

Sporcle TV

Today on Sporcle TV


Watch our educational content, quiz creation guides, and fun videos on Sporcle TV.

Show Comments

Extras

Top Quizzes Today


Score Distribution

Your Account Isn't Verified!

In order to create a playlist on Sporcle, you need to verify the email address you used during registration. Go to your Sporcle Settings to finish the process.

Report this User

Report this user for behavior that violates our Community Guidelines.

Details: